000 00528nam a2200217Ia 4500
003 OSt
005 20220928143043.0
006 a|||||r|||| 00| 0
007 ta
008 220927b |||||||| |||| 00| 0 eng d
024 _a20776
037 _cTextual
040 _aSDCL
_cSDCL
_beng
041 _2eng
_aeng
082 _aO15,1B1,1x, M1.1.-2
100 _aValmiki
_9504397
245 0 _aYogavasistha.
260 _c1981
942 _hO15,1B1,1x, M1.1.-2
_cTEXL
_2CC
999 _c822874
_d822874